Apprendre les animaux en Italien - Statistiques

Statistiques générales
  • Ce quiz a été pris 42 fois
  • Le résultat moyen est 20 sur 115
Statistiques - réponses
Français Italien % Correct
Chat Gatto
97%
Chien Cane
78%
Cheval Cavallo
69%
Tigre Tigre
50%
Zèbre Zebra
50%
Poisson Pesce
47%
Girafe Giraffa
44%
Vache Mucca
44%
Panda Panda
44%
Éléphant Elefante
41%
Oiseau Uccello
41%
Loup Lupo
38%
Cochon Maiale
38%
Chèvre Capra
34%
Poule Gallina
34%
Souris Topo
34%
Cobra Cobra
31%
Gorille Gorilla
31%
Koala Koala
31%
Léopard Leopardo
31%
Porc Porco
31%
Grenouille Rana
31%
Singe Scimmia
31%
Abeille Ape
28%
Papillon Farfalla
28%
Lion Lion
28%
Poisson rouge Pesce rosso
28%
Serpent Serpente
28%
Agneau Agnello
25%
Âne Asino
25%
Lapin Coniglio
25%
Dauphin Delfino
25%
Taureau Toro
25%
Canard Anatra
22%
Baleine Balena
22%
Fourmi Formica
22%
Mouche Mosca
22%
Pieuvre Polpo
22%
Araignée Ragno
22%
Tortue Tartaruga
22%
Calamar Calamaro
19%
Chameau Cammello
19%
Phoque Foca
19%
Insecte Insetto
19%
Méduse Medusa
19%
Orque Orca
19%
Ours Orso
19%
Pigeon Piccione
19%
Thon Tonno
19%
Buffle Bufalo
16%
Canari Canarino
16%
Coq Gallo
16%
Gazelle Gazzella
16%
Hyène Iena
16%
Veau Vitello
16%
Renard Volpe
16%
Corbeau Corvo
13%
Guépard Ghepardo
13%
Escargot Lumaca
13%
Mouton Montone
13%
Pingouin Pinguino
13%
Aigle Aquila
9%
Babouin Babbuino
9%
Cygne Cigno
9%
Colombre Colomba
9%
Corail Corallo
9%
Faucon Falco
9%
Furet Furetto
9%
Hippopotame Ippopotamo
9%
Oie Occa
9%
Perroquet Pappagallo
9%
Brebis Pecora
9%
Rhinocéros Rinoceronte
9%
Chimpanzé Scimpanzé
9%
Dinde Tacchino
9%
Caméléon Camaleonte
6%
Cerf Cervo
6%
Sanglier Cinghiale
6%
Crevette Gambero
6%
Crabe Granchio
6%
Grillon Grillo
6%
Hippocampe Ippocampo
6%
Huître Ostrica
6%
Étoile de mer Stella marina
6%
Tapir Tapiro
6%
Kangourou Canguro
3%
Condor Condor
3%
Flamant rose Fenicottero
3%
Hibou Gufo
3%
Lynx Lince
3%
Marmotte Marmotta
3%
Perruche Parrocchetto
3%
Chauve-souris Pipistrello
3%
Poulpe Polipo
3%
Cochon d’Inde Porcellino d’India
3%
Hérisson Riccio
3%
Autruche Struzzo
3%
Blaireau Tasso
3%
Truite Trota
3%
Homard Aragosta
0%
Paresseux Bradipo
0%
Chamois Camoscio
0%
Cachalot Capodoglio
0%
Biche Cerbiatta
0%
Moule Cozza
0%
Hamster Criceto
0%
Crocodile Croccodrillo
0%
Daim Daino
0%
Belette Donnola
0%
Loutre Lontra
0%
Raton-laveur Procione
0%
Oursin de mer Riccio di mare
0%
Écureuil Scoiattolo
0%
Requin Squallo (Pescecane)
0%
Morse Tricheco
0%
Aucun quiz correspondant
Distribution des résultats
% des personnes avec chaque résultat
Percentile par nombre de réponses
Votre historique - résultats
Vous n’avez pas pris ce quiz